Ялта : (Record no. 277718)
[ view plain ]
| 000 -LEADER | |
|---|---|
| fixed length control field | 00624nam a2200193 u 4500 |
| 001 - CONTROL NUMBER | |
| control field | 000751726 |
| 003 - CONTROL NUMBER IDENTIFIER | |
| control field | AM-YeHGA |
| 005 - DATE AND TIME OF LATEST TRANSACTION | |
| control field | 20250617143601.0 |
| 008 - FIXED-LENGTH DATA ELEMENTS--GENERAL INFORMATION | |
| fixed length control field | 100719s1970 ||| r 000 0 rus d |
| 040 ## - CATALOGING SOURCE | |
| Original cataloging agency | AM-YeHGA |
| 041 0# - LANGUAGE CODE | |
| Language code of text/sound track or separate title | rus |
| 090 ## - LOCALLY ASSIGNED LC-TYPE CALL NUMBER (OCLC); LOCAL CALL NUMBER (RLIN) | |
| -- | 279369 |
| 100 1# - MAIN ENTRY--PERSONAL NAME | |
| Personal name | Воронцов, Евгений Андреевич |
| 245 10 - TITLE STATEMENT | |
| Title | Ялта : |
| Remainder of title | Путеводитель-справочник / |
| Statement of responsibility, etc. | Е. Воронцов. |
| 250 ## - EDITION STATEMENT | |
| Edition statement | 5-е испр., и доп. |
| 260 ## - PUBLICATION, DISTRIBUTION, ETC. | |
| Place of publication, distribution, etc. | Симферополь : |
| Name of publisher, distributor, etc. | Крым, |
| Date of publication, distribution, etc. | 1970. |
| 300 ## - PHYSICAL DESCRIPTION | |
| Extent | 125 с. : |
| Other physical details | [16] л. ил. |
| 651 #4 - SUBJECT ADDED ENTRY--GEOGRAPHIC NAME | |
| Geographic name | Крым - Ялта - Путеводитель |
| Withdrawn status | Lost status | Damaged status | Not for loan | Home library | Current library | Date acquired | Total checkouts | Full call number | Barcode | Date last seen | Price effective from | Koha item type | Public note |
|---|---|---|---|---|---|---|---|---|---|---|---|---|---|
| Fundamental Scientific Library | Fundamental Scientific Library | 29/12/2016 | PI/24679 | FL0159999 | 29/12/2016 | 29/12/2016 | Գրքեր / Books | 30 Days Loan |
ՀՀ Գիտությունների ազգային ակադեմիայի հիմնարար գիտական գրադարան = Fundamental Scientific Library of NAS RA
All site content, except where otherwise noted, is licensed under a